000 00451nam a2200169Ia 4500
003 GCL
008 140319s9999 xx 000 0 eng d
040 _aGCL /
_cGCL
082 0 4 _a006.6
_bK R
100 1 _aKAUFMAN, A
245 1 0 _aRENDERING. VISUALIZTION AND RASTERATION HARDWARE /
_cKAUFMAN, A
260 _a[S.N] :
_bSPRINGER - VERLAG ،
_c1993
300 _a193 P
650 0 4 _aVISUALIZATION
650 0 4 _aCOMPUTER GRAPHICS
942 _2ddc
_cBK
999 _c16698
_d16698